000 00734nam a2200217 a 4500
005 20220527184725.0
008 081208s2004 mx r 000 0 spa d
020 _a9685142327
035 _aUPN01000168400
049 _aI
050 4 _aDT1110 L5.8
_bF7.2
100 1 _aFreedman, Frances
245 1 0 _aDavid Livingstone :
_bviaje al corazón de Africa /
_cFrances Freedman.
260 _aNaucalpan, Edo. de Mex. :
_bLa vasija :
_bCorreo del maestro,
_c2004.
300 _a48 p. :
_bil. col.
440 0 _aGrandes exploradores
600 1 4 _aLIVINGSTONE, DAVID,
_d1813-1873 -
_vLITERATURA JUVENIL
_912021
650 4 _aEXPLORADORES -
_vLITERATURA JUVENIL
_99926
651 0 _aÁfrica
_xDescripción y viajes
_92048
905 _aInfantil
999 _c140507
_d140507